Online
Catalog

Companionable books / (Record no. 1493)

MARC details
000 -CABECERA
campo de control de longitud fija 01089nam a2200193 a 4500
001 - NÚMERO DE CONTROL
campo de control 000001598
005 - FECHA Y HORA DE LA ÚLTIMA TRANSACCIÓN
campo de control 20260429135247.0
008 - DATOS DE LONGITUD FIJA--INFORMACIÓN GENERAL
campo de control de longitud fija 721212s1922 xxca 001 u eng
040 ## - FUENTE DE LA CATALOGACIÓN
Centro catalogador/agencia de origen DO-SdBNP
Lengua de catalogación spa
Centro/agencia transcriptor BNPHU
082 ## - NÚMERO DE LA CLASIFICACIÓN DECIMAL DEWEY
Número de clasificación 820.9
Número de documento/Ítem V217c
100 1# - ENTRADA PRINCIPAL--NOMBRE DE PERSONA
Nombre de persona Van Dyke, Henry,
Fechas asociadas al nombre 1852-1933.
9 (RLIN) 5240
245 10 - MENCIÓN DE TÍTULO
Título Companionable books /
Mención de responsabilidad, etc. Henry Van Dyke.
260 ## - PUBLICACIÓN, DISTRIBUCIÓN, ETC.
Lugar de publicación, distribución, etc. Toronto, Canada :
Nombre del editor, distribuidor, etc. The Copp Clark Co.,
Fecha de publicación, distribución, etc. 1922.
300 ## - DESCRIPCIÓN FÍSICA
Extensión ix, 391 p. :
Otras características físicas il. ;
Dimensiones 20 cm.
505 0# - NOTA DE CONTENIDO CON FORMATO
Nota de contenido con formato El libro de los libros -- Poesía en los Salmos -- El encanto de una buena Dickens -- Thackeray y los hombres de verdad -- George Eliot y mujeres reales - El poeta de la juventud inmortal (Keats)-- La recuperación de la alegría (Wordsworth) -- "La gloria de lo imperfecto" (Browning) - Un compañero pintorescas por corrientes tranquilas (Walton) -- Un creyente fuerte (Samuel Johnson) -- Un puritano, más poesía (Emerson) -- Un aventurero en una chaqueta de terciopelo (Stevenson ) buscar
650 #0 - PUNTO DE ACCESO ADICIONAL DE MATERIA--TÉRMINO DE MATERIA
Término de materia o nombre geográfico como elemento de entrada Literatura
Subdivisión general Historia y crítica
9 (RLIN) 835
650 #0 - PUNTO DE ACCESO ADICIONAL DE MATERIA--TÉRMINO DE MATERIA
Término de materia o nombre geográfico como elemento de entrada Literatura inglesa
Subdivisión general Historia y crítica
Subdivisión cronológica 1852-1933
9 (RLIN) 5241
910 ## - DATOS DE OPCIÓN DEL USUARIO (OCLC)
Datos de opción del usuario C
Holdings
Estado de retiro Estado de pérdida Restricciones de uso No para préstamo Código de colección Localización permanente Ubicación/localización actual Ubicación en estantería Fecha de adquisición Número de inventario Total de préstamos Signatura topográfica completa Código de barras Fecha visto por última vez Precio válido a partir de Tipo de ítem Koha
    Préstamo interno   Monografías: Libros y Folletos General General En catalogación 11.09.2009 LF1   820.9 V217c 1598-10 25.06.2020 25.06.2020 Préstamo interno

Powered by Koha